000 00218nam a22000857a 4500
008 160816b xxu||||| |||| 00| 0 eng d
100 _9143
_aBhatia K
245 _aExpressions in Art
260 _aNew Delhi
_bNavdeep publication
999 _c2798
_d2798